| 000 | 00666nam a22002297i 4500 | ||
|---|---|---|---|
| 003 | URS | ||
| 005 | 20220114153345.0 | ||
| 008 | 171021b xxu||||| |||| 00| 0 eng d | ||
| 020 | _a9710800264 | ||
| 040 |
_erda _cURSP-College Library _beng |
||
| 050 | _b653.427 L563 1982 | ||
| 100 | 1 | _aLeslie, Louis A. | |
| 245 |
_aGregg Shorthand for Colleges Transcription _cLouis A. Leslie |
||
| 264 | 1 |
_aManila _bEchanis Press, Incorporated _c1982. |
|
| 300 |
_a396pages _c23cm. |
||
| 336 |
_atext _btxt _2rdacontent |
||
| 337 |
_aunmediated _bn _2rdamedia |
||
| 338 |
_avolume _bnc _2rdacarrier |
||
| 500 | _aIncludes index | ||
| 650 | 0 | _ashorthand-colleges. | |
| 942 |
_2lcc _cF |
||
| 999 |
_c8485 _d8485 |
||